Field manual and fiscal regulations : primary road and bridge work primary road and bridge work
Descripción Física:
143 p. ; 19 cm
MARC
| LEADER | 00000nam a2200000Ia 4500 | ||
|---|---|---|---|
| 001 | 23597 | ||
| 008 | 160829s1928 xx 000 0 cat d | ||
| 080 | |a C-3-408 | ||
| 245 | |a Field manual and fiscal regulations : |b primary road and bridge work | ||
| 260 | |a Ames : |b Iowa State Highway Commission, |c 1928 | ||
| 300 | |a 143 p. ; |c 19 cm | ||
| 650 | 0 | |a Carreteres |x Dret i legislació |9 37465 | |
| 650 | |a Ponts |x Dret i legislació |9 48995 | ||
| 901 | |a Arxiu | ||
| 942 | |n 1 | ||
| 952 | |0 0 |1 0 |4 0 |6 C3408 |7 1 |9 55025 |a Arxiu |b Arxiu |d 2012-08-14 |l 0 |o C-3-408 |p 23597 |r 2016-12-01 00:00:00 |w 2016-12-01 |y ARXIU | ||
| 999 | |c 58895 |d 58895 | ||